| 000 | 00371nam a22001337a 4500 | ||
|---|---|---|---|
| 008 | 180810b xxu||||| |||| 00| 0 eng d | ||
| 020 | _a9781581100433 | ||
| 041 | _aeng | ||
| 080 | _a616-053.2 | ||
| 100 | _a8 | ||
| 101 | _aPED | ||
| 245 |
_aCHILDHOOD EMERGENCIES IN THE OFFICE HOSPITAL AND COMMUNITY ORGANIZING SYSTEMS OF CARE _cSEIDEL.J.S |
||
| 942 |
_2udc _cBK |
||
| 999 |
_c46990 _d46990 |
||